| 000 -LEADER |
| fixed length control field |
00604nam a22002057a 4500 |
| 005 - DATE AND TIME OF LATEST TRANSACTION |
| control field |
20190920093225.0 |
| 008 - FIXED-LENGTH DATA ELEMENTS--GENERAL INFORMATION |
| fixed length control field |
190920b ||||| |||| 00| 0 eng d |
| 020 ## - INTERNATIONAL STANDARD BOOK NUMBER |
| International Standard Book Number |
9781593394288 |
| 040 ## - CATALOGING SOURCE |
| Transcribing agency |
KH8 |
| 082 ## - DEWEY DECIMAL CLASSIFICATION NUMBER |
| Classification number |
912 ENC |
| 245 ## - TITLE STATEMENT |
| Title |
Encyclopaedia Britannica world atlas |
| 246 ## - VARYING FORM OF TITLE |
| Title proper/short title |
Britannica world atlas |
| 246 ## - VARYING FORM OF TITLE |
| Title proper/short title |
World atlas |
| 260 ## - PUBLICATION, DISTRIBUTION, ETC. |
| Place of publication, distribution, etc. |
Chicago : |
| Name of publisher, distributor, etc. |
Encyclopaedia Britannica, |
| Date of publication, distribution, etc. |
©2008. |
| 300 ## - PHYSICAL DESCRIPTION |
| Extent |
xxv, 366 pages : |
| Other physical details |
color illustrations, maps ; |
| Dimensions |
36 cm. |
| 500 ## - GENERAL NOTE |
| General note |
In slip case.<br/>Includes index and gazetteer. |
| 650 ## - SUBJECT ADDED ENTRY--TOPICAL TERM |
| Topical term or geographic name entry element |
Atlases. |
| 650 ## - SUBJECT ADDED ENTRY--TOPICAL TERM |
| Topical term or geographic name entry element |
World atlases |
| 942 ## - ADDED ENTRY ELEMENTS (KOHA) |
| Source of classification or shelving scheme |
|
| Koha item type |
Reference |